Na prelome rokov
Bilancovanie uplynulého obdobia na prelome tisícročí je neľahká úloha, hlavne v oblasti ochrany životného prostredia. Rekapitulácia najvýznamnejších aktivít v oblasti ochrany vôd. Zlepšovanie stavu kvality vôd, zvyšovanie úrovne poznania vodného fondu pre jeho trvalé využívanie na území Slovenska. Ú...
Enregistré dans:
| Auteur principal: | |
|---|---|
| Format: | Chapitre de livre |
| Langue: | slovaque |
| Sujets: | |
| Tags: |
Pas de tags, Soyez le premier à ajouter un tag!
|
MARC
| LEADER | 00000naa a2200000 4500 | ||
|---|---|---|---|
| 001 | r020546 | ||
| 005 | 20230922102737.8 | ||
| 041 | 0 | |a slo | |
| 044 | |a SK | ||
| 245 | 1 | 0 | |a Na prelome rokov |c I. Závadský |
| 520 | |a Bilancovanie uplynulého obdobia na prelome tisícročí je neľahká úloha, hlavne v oblasti ochrany životného prostredia. Rekapitulácia najvýznamnejších aktivít v oblasti ochrany vôd. Zlepšovanie stavu kvality vôd, zvyšovanie úrovne poznania vodného fondu pre jeho trvalé využívanie na území Slovenska. Účasť na medzinárodných programoch a projektoch umožňuje výmenu skúseností a dovoľuje prezentáciu prác slovenských odborníkov. | ||
| 610 | 2 | 0 | |a ochrana prostredia životného |
| 610 | 2 | 0 | |a vodohospodárstvo |
| 610 | 2 | 0 | |a legislatíva |
| 610 | 2 | 0 | |a rozvoj trvalo udržateľný |
| 610 | 2 | 0 | |a PHARE |
| 610 | 2 | 0 | |a spolupráca vedecká medzinárodná |
| 610 | 2 | 0 | |a Dunaj |
| 610 | 2 | 0 | |a výskum aplikovaný |
| 610 | 2 | 0 | |a Slovensko |
| 610 | 2 | 0 | |a kvalita vody |
| 610 | 2 | 0 | |a ochrana vody |
| 100 | 1 | |a Závadský, I. | |